Los carteles de la revolución cubana /
Na minha lista:
| Autor principal: | |
|---|---|
| Formato: | Desconhecido |
| Idioma: | Spanish |
| Assuntos: | |
| Tags: |
Adicionar Tag
Sem tags, seja o primeiro a adicionar uma tag!
|
MARC
| LEADER | 000000000a22000000004500 | ||
|---|---|---|---|
| 001 | 002229 | ||
| 041 | 0 | |a spa | |
| 100 | 1 | |a Desnoes, Edmundo | |
| 245 | 1 | 4 | |a Los carteles de la revolución cubana / |c Edmundo Desnoes. |
| 310 | |a trimestral | ||
| 650 | 4 | |a LITERATURA CUBANA | |
| 650 | 4 | |a REVOLUCION CUBANA | |
| 650 | 4 | |a ARTE | |
| 650 | 4 | |a CUBA | |
| 773 | 0 | |x 008-7157 |d Cuba : Editorial Casa de las Américas |t Casa de las Américas |g número 51-52 (1968-1969), páginas 223-231 | |
| 942 | |c ARC | ||
| 999 | |c 9779 |d 9779 | ||
